[Event "English Womens Championships 2024"]
[Site "Kenilworth, United Kingdom"]
[Date "2024.06.20"]
[Round "2.5"]
[White "Maton, Emily"]
[Black "Hunt, Harriet V"]
[Result "0-1"]
[TimeControl "G:90 minutes + 30 seconds added per move"]
[WhiteFideId "343120293"]
[BlackFideId "403512"]
[WhiteElo "1970"]
[BlackElo "2313"]

1. d4 {[%clk 01:30:57]} {[%emt 00:00:02]} Nf6 {[%clk 01:29:42]} {[%emt
00:01:19]} 2. c4 {[%clk 01:31:21]} {[%emt 00:00:05]} e6 {[%clk 01:30:04]}
{[%emt 00:00:08]} 3. Nf3 {[%clk 01:31:46]} {[%emt 00:00:04]} b6 {[%clk
01:30:27]} {[%emt 00:00:08]} 4. g3 {[%clk 01:32:13]} {[%emt 00:00:03]} Ba6
{[%clk 01:30:32]} {[%emt 00:00:26]} 5. Qc2 {[%clk 01:32:37]} {[%emt 00:00:06]}
Bb7 {[%clk 01:29:48]} {[%emt 00:01:13]} 6. Bg2 {[%clk 01:32:40]} {[%emt
00:00:26]} c5 {[%clk 01:28:07]} {[%emt 00:02:11]} 7. dxc5 {[%clk 01:30:56]}
{[%emt 00:02:14]} bxc5 {[%clk 01:27:16]} {[%emt 00:01:21]} 8. O-O {[%clk
01:29:59]} {[%emt 00:01:27]} Be7 {[%clk 01:25:31]} {[%emt 00:02:16]} 9. Bg5
{[%clk 01:27:45]} {[%emt 00:02:44]} h6 {[%clk 01:24:10]} {[%emt 00:01:51]} 10.
Bxf6 {[%clk 01:27:12]} {[%emt 00:01:03]} Bxf6 {[%clk 01:24:35]} {[%emt
00:00:06]} 11. Nc3 {[%clk 01:27:27]} {[%emt 00:00:14]} Nc6 {[%clk 01:19:08]}
{[%emt 00:05:57]} 12. Ne4 {[%clk 01:23:09]} {[%emt 00:04:48]} Be7 {[%clk
01:15:42]} {[%emt 00:03:56]} 13. Qc3 {[%clk 01:20:12]} {[%emt 00:03:27]} O-O
{[%clk 01:14:39]} {[%emt 00:01:33]} 14. Rfd1 {[%clk 01:18:29]} {[%emt
00:02:12]} Qc7 {[%clk 01:12:54]} {[%emt 00:02:16]} 15. Qd2 {[%clk 01:12:56]}
{[%emt 00:06:03]} Rad8 {[%clk 01:11:51]} {[%emt 00:01:33]} 16. Nd6 {[%clk
01:10:59]} {[%emt 00:02:28]} Ba8 {[%clk 01:10:22]} {[%emt 00:01:59]} 17. Rac1
{[%clk 01:05:36]} {[%emt 00:05:52]} f5 {[%clk 01:07:02]} {[%emt 00:03:50]} 18.
Rc3 {[%clk 01:00:46]} {[%emt 00:05:20]} Bf6 {[%clk 01:05:11]} {[%emt 00:02:22]}
19. Rd3 {[%clk 00:55:44]} {[%emt 00:05:31]} a6 {[%clk 01:00:59]} {[%emt
00:04:42]} 20. Ra3 {[%clk 00:52:22]} {[%emt 00:03:51]} Nb4 {[%clk 00:59:51]}
{[%emt 00:01:39]} 21. Ne1 {[%clk 00:48:55]} {[%emt 00:03:56]} Bxg2 {[%clk
00:58:43]} {[%emt 00:01:39]} 22. Nxg2 {[%clk 00:49:05]} {[%emt 00:00:19]} Rb8
{[%clk 00:57:52]} {[%emt 00:01:23]} 23. Nf4 {[%clk 00:44:23]} {[%emt 00:05:11]}
Bd4 {[%clk 00:50:57]} {[%emt 00:07:25]} 24. e3 {[%clk 00:39:55]} {[%emt
00:04:58]} Qxd6 {[%clk 00:50:00]} {[%emt 00:01:28]} 25. exd4 {[%clk 00:40:19]}
{[%emt 00:00:06]} cxd4 {[%clk 00:50:12]} {[%emt 00:00:18]} 26. Ra4 {[%clk
00:37:40]} {[%emt 00:03:08]} e5 {[%clk 00:48:29]} {[%emt 00:02:13]} 27. a3
{[%clk 00:35:56]} {[%emt 00:02:15]} Nc6 {[%clk 00:47:31]} {[%emt 00:01:28]} 28.
Nd5 {[%clk 00:35:06]} {[%emt 00:01:19]} a5 {[%clk 00:47:17]} {[%emt 00:00:44]}
29. b4 {[%clk 00:33:29]} {[%emt 00:02:08]} axb4 {[%clk 00:47:04]} {[%emt
00:00:43]} 30. axb4 {[%clk 00:33:52]} {[%emt 00:00:07]} Qe6 {[%clk 00:36:25]}
{[%emt 00:11:09]} 31. b5 {[%clk 00:31:39]} {[%emt 00:02:43]} Ne7 {[%clk
00:35:48]} {[%emt 00:01:07]} 32. Ra6 {[%clk 00:29:54]} {[%emt 00:02:14]} d6
{[%clk 00:35:20]} {[%emt 00:00:59]} 33. Nxe7+ {[%clk 00:25:48]} {[%emt
00:04:36]} Qxe7 {[%clk 00:35:45]} {[%emt 00:00:05]} 34. Rda1 {[%clk 00:23:16]}
{[%emt 00:03:01]} f4 {[%clk 00:29:26]} {[%emt 00:06:50]} 35. Qd3 {[%clk
00:22:12]} {[%emt 00:01:33]} fxg3 {[%clk 00:27:03]} {[%emt 00:02:54]} 36. hxg3
{[%clk 00:22:22]} {[%emt 00:00:19]} Qf7 {[%clk 00:26:47]} {[%emt 00:00:47]} 37.
R1a2 {[%clk 00:22:25]} {[%emt 00:00:27]} Rfc8 {[%clk 00:24:44]} {[%emt
00:02:33]} 38. Rc2 {[%clk 00:20:08]} {[%emt 00:02:47]} Rd8 {[%clk 00:23:08]}
{[%emt 00:02:06]} 39. Rca2 {[%clk 00:18:25]} {[%emt 00:02:13]} Rdc8 {[%clk
00:14:36]} {[%emt 00:09:02]} 40. Rc2 {[%clk 00:17:12]} {[%emt 00:01:43]} Qe7
{[%clk 00:13:58]} {[%emt 00:01:08]} 41. Rca2 {[%clk 00:14:59]} {[%emt
00:02:43]} Qe6 {[%clk 00:13:57]} {[%emt 00:00:31]} 42. Rc2 {[%clk 00:14:44]}
{[%emt 00:00:44]} Rc5 {[%clk 00:14:03]} {[%emt 00:00:25]} 43. Qa3 {[%clk
00:08:42]} {[%emt 00:06:32]} Qf5 {[%clk 00:11:42]} {[%emt 00:02:51]} 44. Rxd6
{[%clk 00:06:18]} {[%emt 00:02:54]} Rcxb5 {[%clk 00:11:28]} {[%emt 00:00:44]}
45. cxb5 {[%clk 00:06:17]} {[%emt 00:00:31]} Qxc2 {[%clk 00:11:54]} {[%emt
00:00:04]} 46. b6 {[%clk 00:03:16]} {[%emt 00:03:30]} Rf8 {[%clk 00:10:19]}
{[%emt 00:02:06]} 47. f4 {[%clk 00:02:42]} {[%emt 00:01:04]} exf4 {[%clk
00:10:14]} {[%emt 00:00:36]} 48. Rxd4 {[%clk 00:01:17]} {[%emt 00:01:54]} f3
{[%clk 00:09:55]} {[%emt 00:00:48]} 49. Qxf8+ {[%clk 00:01:34]} {[%emt
00:00:13]} Kxf8 {[%clk 00:10:15]} {[%emt 00:00:10]} 50. Rf4+ {[%clk 00:01:59]}
{[%emt 00:00:06]} Ke7 {[%clk 00:10:36]} {[%emt 00:00:09]} 51. Rxf3 {[%clk
00:02:26]} {[%emt 00:00:03]} Qb1+ {[%clk 00:10:53]} {[%emt 00:00:14]} 52. Kf2
{[%clk 00:02:38]} {[%emt 00:00:17]} Qxb6+ {[%clk 00:11:19]} {[%emt 00:00:06]}
53. Re3+ {[%clk 00:03:03]} {[%emt 00:00:04]} Kf6 {[%clk 00:11:41]} {[%emt
00:00:08]} 54. Ke2 {[%clk 00:03:27]} {[%emt 00:00:06]} h5 {[%clk 00:11:53]}
{[%emt 00:00:18]} 55. Rf3+ {[%clk 00:03:50]} {[%emt 00:00:06]} Kg5 {[%clk
00:11:59]} {[%emt 00:00:24]} 56. Rd3 {[%clk 00:03:58]} {[%emt 00:00:22]} Qg1
{[%clk 00:11:42]} {[%emt 00:00:48]} 57. Rd5+ {[%clk 00:04:12]} {[%emt
00:00:16]} Kg4 {[%clk 00:12:05]} {[%emt 00:00:06]} 58. Rd3 {[%clk 00:04:13]}
{[%emt 00:00:30]} Qg2+ {[%clk 00:12:05]} {[%emt 00:00:30]} 59. Kd1 {[%clk
00:04:34]} {[%emt 00:00:09]} Qf1+ {[%clk 00:12:21]} {[%emt 00:00:14]} 60. Kd2
{[%clk 00:05:00]} {[%emt 00:00:04]} Qxd3+ {[%clk 00:12:44]} {[%emt 00:00:08]}
0-1

[Event "English Womens Championships 2024"]
[Site "Kenilworth, United Kingdom"]
[Date "2024.06.20"]
[Round "2.6"]
[White "Hariharan, Shambavi"]
[Black "Latypova, Olga L"]
[Result "1/2-1/2"]
[TimeControl "G:90 minutes + 30 seconds added per move"]
[WhiteFideId "488160"]
[BlackFideId "472476"]
[WhiteElo "1900"]
[BlackElo "1827"]

1. d4 {[%clk 01:30:40]} {[%emt 00:00:19]} Nf6 {[%clk 01:30:35]} {[%emt
00:00:25]} 2. c4 {[%clk 01:30:41]} {[%emt 00:00:31]} g6 {[%clk 01:30:43]}
{[%emt 00:00:21]} 3. g3 {[%clk 01:31:00]} {[%emt 00:00:11]} Bg7 {[%clk
01:30:48]} {[%emt 00:00:24]} 4. Bg2 {[%clk 01:31:23]} {[%emt 00:00:07]} d5
{[%clk 01:31:04]} {[%emt 00:00:14]} 5. Nf3 {[%clk 01:31:28]} {[%emt 00:00:26]}
O-O {[%clk 01:30:51]} {[%emt 00:00:43]} 6. O-O {[%clk 01:31:52]} {[%emt
00:00:06]} Nbd7 {[%clk 01:29:27]} {[%emt 00:01:54]} 7. Nbd2 {[%clk 01:30:05]}
{[%emt 00:02:17]} c5 {[%clk 01:27:33]} {[%emt 00:02:24]} 8. dxc5 {[%clk
01:29:17]} {[%emt 00:01:18]} Nxc5 {[%clk 01:27:27]} {[%emt 00:00:36]} 9. cxd5
{[%clk 01:28:27]} {[%emt 00:01:19]} Nxd5 {[%clk 01:27:14]} {[%emt 00:00:43]} 10.
Nb3 {[%clk 01:27:59]} {[%emt 00:01:00]} Ne6 {[%clk 01:25:29]} {[%emt 00:02:13]}
11. e3 {[%clk 01:15:44]} {[%emt 00:12:46]} Nb6 {[%clk 01:21:15]} {[%emt
00:04:43]} 12. Qe2 {[%clk 01:14:19]} {[%emt 00:01:55]} Qc7 {[%clk 01:18:53]}
{[%emt 00:02:52]} 13. Nfd4 {[%clk 01:10:32]} {[%emt 00:04:18]} Bd7 {[%clk
01:15:05]} {[%emt 00:04:17]} 14. Bd2 {[%clk 01:08:11]} {[%emt 00:02:52]} Rac8
{[%clk 01:13:34]} {[%emt 00:02:00]} 15. Ba5 {[%clk 01:01:52]} {[%emt 00:06:50]}
Nxd4 {[%clk 01:10:39]} {[%emt 00:03:24]} 16. exd4 {[%clk 01:00:17]} {[%emt
00:02:06]} Be6 {[%clk 01:07:31]} {[%emt 00:03:38]} 17. Rfc1 {[%clk 00:56:11]}
{[%emt 00:04:35]} Qd6 {[%clk 01:05:49]} {[%emt 00:02:12]} 18. Rxc8 {[%clk
00:45:54]} {[%emt 00:10:48]} Rxc8 {[%clk 01:03:20]} {[%emt 00:02:58]} 19. Bxb7
{[%clk 00:42:37]} {[%emt 00:03:48]} Rb8 {[%clk 01:00:57]} {[%emt 00:02:53]} 20.
Bg2 {[%clk 00:39:30]} {[%emt 00:03:37]} Bc4 {[%clk 00:55:39]} {[%emt 00:05:48]}
21. Qd1 {[%clk 00:34:25]} {[%emt 00:05:33]} Bxb3 {[%clk 00:52:17]} {[%emt
00:03:54]} 22. Qxb3 {[%clk 00:34:12]} {[%emt 00:00:43]} Bxd4 {[%clk 00:51:35]}
{[%emt 00:01:11]} 23. Bc3 {[%clk 00:33:20]} {[%emt 00:01:23]} Bxc3 {[%clk
00:50:32]} {[%emt 00:01:31]} 24. Qxc3 {[%clk 00:32:27]} {[%emt 00:01:25]} Na4
{[%clk 00:49:27]} {[%emt 00:01:35]} 25. Qe3 {[%clk 00:30:01]} {[%emt 00:02:55]}
Rxb2 {[%clk 00:45:08]} {[%emt 00:04:49]} 26. Qxa7 {[%clk 00:28:25]} {[%emt
00:02:07]} Qf6 {[%clk 00:43:51]} {[%emt 00:01:47]} 27. Rf1 {[%clk 00:23:53]}
{[%emt 00:05:01]} Rxa2 {[%clk 00:42:39]} {[%emt 00:01:42]} 28. Bd5 {[%clk
00:23:09]} {[%emt 00:01:15]} Ra3 {[%clk 00:41:20]} {[%emt 00:01:48]} 29. Rb1
{[%clk 00:20:17]} {[%emt 00:03:16]} Ra1 {[%clk 00:39:14]} {[%emt 00:02:42]} 30.
Rxa1 {[%clk 00:18:14]} {[%emt 00:02:33]} Qxa1+ {[%clk 00:36:42]} {[%emt
00:03:02]} 31. Kg2 {[%clk 00:18:42]} {[%emt 00:00:03]} Qe5 {[%clk 00:23:56]}
{[%emt 00:13:16]} 32. Bxf7+ {[%clk 00:17:45]} {[%emt 00:01:28]} Kxf7 {[%clk
00:24:19]} {[%emt 00:00:06]} 33. Qxa4 {[%clk 00:18:13]} {[%emt 00:00:03]} Qd5+
{[%clk 00:23:21]} {[%emt 00:01:27]} 34. Kg1 {[%clk 00:18:13]} {[%emt 00:00:31]}
Qe5 {[%clk 00:22:58]} {[%emt 00:00:52]} 35. Qc4+ {[%clk 00:18:04]} {[%emt
00:00:37]} Kg7 {[%clk 00:23:11]} {[%emt 00:00:18]} 36. Qc8 {[%clk 00:17:18]}
{[%emt 00:01:16]} Qe1+ {[%clk 00:21:45]} {[%emt 00:01:58]} 37. Kg2 {[%clk
00:17:34]} {[%emt 00:00:14]} Qe4+ {[%clk 00:21:46]} {[%emt 00:00:28]} 1/2-1/2

[Event "English Womens Championships 2024"]
[Site "Kenilworth, United Kingdom"]
[Date "2024.06.20"]
[Round "2.7"]
[White "Fernando, Manel"]
[Black "Catabay, Mae C"]
[Result "1-0"]
[TimeControl "G:90 minutes + 30 seconds added per move"]
[WhiteFideId "439606"]
[BlackFideId "484768"]
[WhiteElo "1725"]
[BlackElo "1773"]

1. d4 {[%clk 01:30:58]} {[%emt 00:00:01]} Nf6 {[%clk 01:30:36]} {[%emt
00:00:25]} 2. Bf4 {[%clk 01:31:05]} {[%emt 00:00:23]} d6 {[%clk 01:30:13]}
{[%emt 00:00:53]} 3. Nf3 {[%clk 01:31:00]} {[%emt 00:00:34]} g6 {[%clk
01:27:56]} {[%emt 00:02:47]} 4. e3 {[%clk 01:30:28]} {[%emt 00:01:02]} Bg7
{[%clk 01:27:34]} {[%emt 00:00:52]} 5. h3 {[%clk 01:30:08]} {[%emt 00:00:50]}
Nbd7 {[%clk 01:25:21]} {[%emt 00:02:44]} 6. Nbd2 {[%clk 01:29:14]} {[%emt
00:01:24]} O-O {[%clk 01:22:30]} {[%emt 00:03:21]} 7. Be2 {[%clk 01:26:26]}
{[%emt 00:03:17]} b6 {[%clk 01:19:11]} {[%emt 00:03:49]} 8. c3 {[%clk
01:25:16]} {[%emt 00:01:41]} Bb7 {[%clk 01:17:24]} {[%emt 00:02:16]} 9. O-O
{[%clk 01:24:31]} {[%emt 00:01:14]} Re8 {[%clk 01:12:28]} {[%emt 00:05:28]} 10.
Bg3 {[%clk 01:16:03]} {[%emt 00:08:58]} c5 {[%clk 01:05:14]} {[%emt 00:07:44]}
11. Bc4 {[%clk 01:13:04]} {[%emt 00:03:28]} d5 {[%clk 01:00:16]} {[%emt
00:05:29]} 12. Bb3 {[%clk 01:12:26]} {[%emt 00:01:08]} Rc8 {[%clk 00:58:11]}
{[%emt 00:02:34]} 13. Re1 {[%clk 01:10:18]} {[%emt 00:02:38]} e6 {[%clk
00:53:14]} {[%emt 00:05:27]} 14. Bh4 {[%clk 01:06:04]} {[%emt 00:04:45]} Qe7
{[%clk 00:44:29]} {[%emt 00:09:16]} 15. Ne5 {[%clk 01:05:17]} {[%emt 00:01:16]}
Qd6 {[%clk 00:40:11]} {[%emt 00:04:48]} 16. Bg3 {[%clk 01:05:27]} {[%emt
00:00:19]} Qf8 {[%clk 00:38:23]} {[%emt 00:02:18]} 17. Ba4 {[%clk 01:03:17]}
{[%emt 00:02:41]} Red8 {[%clk 00:37:37]} {[%emt 00:01:15]} 18. Bh4 {[%clk
01:02:50]} {[%emt 00:00:57]} Nb8 {[%clk 00:31:11]} {[%emt 00:06:57]} 19. Ndf3
{[%clk 00:58:49]} {[%emt 00:04:31]} Nc6 {[%clk 00:29:29]} {[%emt 00:02:12]} 20.
Nxc6 {[%clk 00:57:58]} {[%emt 00:01:20]} Bxc6 {[%clk 00:29:35]} {[%emt
00:00:24]} 21. Bxc6 {[%clk 00:58:23]} {[%emt 00:00:06]} Rxc6 {[%clk 00:28:22]}
{[%emt 00:01:43]} 22. Ne5 {[%clk 00:58:49]} {[%emt 00:00:05]} Rcc8 {[%clk
00:27:35]} {[%emt 00:01:16]} 23. Qf3 {[%clk 00:58:29]} {[%emt 00:00:49]} Nd7
{[%clk 00:25:01]} {[%emt 00:03:05]} 24. Bxd8 {[%clk 00:48:42]} {[%emt
00:10:16]} Nxe5 {[%clk 00:23:42]} {[%emt 00:01:50]} 25. dxe5 {[%clk 00:49:04]}
{[%emt 00:00:08]} Qxd8 {[%clk 00:23:04]} {[%emt 00:01:07]} 26. Qg3 {[%clk
00:48:48]} {[%emt 00:00:46]} Qc7 {[%clk 00:21:51]} {[%emt 00:01:45]} 27. f4
{[%clk 00:48:18]} {[%emt 00:00:59]} Re8 {[%clk 00:20:38]} {[%emt 00:01:43]} 28.
Rad1 {[%clk 00:47:28]} {[%emt 00:01:20]} f6 {[%clk 00:18:07]} {[%emt 00:03:01]}
29. exf6 {[%clk 00:46:30]} {[%emt 00:01:27]} Bxf6 {[%clk 00:18:02]} {[%emt
00:00:35]} 30. Qf3 {[%clk 00:41:24]} {[%emt 00:05:36]} Rd8 {[%clk 00:15:30]}
{[%emt 00:03:03]} 31. Re2 {[%clk 00:39:07]} {[%emt 00:02:47]} Qf7 {[%clk
00:13:30]} {[%emt 00:02:30]} 32. Red2 {[%clk 00:38:53]} {[%emt 00:00:44]} Rd6
{[%clk 00:10:44]} {[%emt 00:03:16]} 33. Qg3 {[%clk 00:34:26]} {[%emt 00:04:56]}
Qd7 {[%clk 00:05:46]} {[%emt 00:05:28]} 34. e4 {[%clk 00:34:35]} {[%emt
00:00:21]} Bg7 {[%clk 00:05:12]} {[%emt 00:01:05]} 35. Qg4 {[%clk 00:26:33]}
{[%emt 00:08:32]} Qf7 {[%clk 00:02:56]} {[%emt 00:02:46]} 36. Qg3 {[%clk
00:22:46]} {[%emt 00:04:17]} Rd8 {[%clk 00:02:15]} {[%emt 00:01:11]} 37. Qf3
{[%clk 00:22:36]} {[%emt 00:00:40]} d4 {[%clk 00:00:45]} {[%emt 00:02:01]} 38.
e5 {[%clk 00:22:44]} {[%emt 00:00:22]} Rf8 {[%clk 00:01:01]} {[%emt 00:00:14]}
39. g3 {[%clk 00:20:52]} {[%emt 00:02:22]} Bxe5 {[%clk 00:01:01]} {[%emt
00:00:31]} 40. cxd4 {[%clk 00:19:57]} {[%emt 00:01:25]} Bxd4+ {[%clk 00:01:16]}
{[%emt 00:00:15]} 41. Kg2 {[%clk 00:18:57]} {[%emt 00:01:29]} e5 {[%clk
00:01:14]} {[%emt 00:00:33]} 42. Rf1 {[%clk 00:18:21]} {[%emt 00:01:05]} Qxa2
{[%clk 00:00:40]} {[%emt 00:01:04]} 43. Rfd1 {[%clk 00:17:21]} {[%emt
00:01:30]} Qe6 {[%clk 00:00:49]} {[%emt 00:00:21]} 44. Qe4 {[%clk 00:16:24]}
{[%emt 00:01:28]} Qf6 {[%clk 00:00:37]} {[%emt 00:00:43]} 45. Qd5+ {[%clk
00:16:23]} {[%emt 00:00:29]} Kh8 {[%clk 00:00:50]} {[%emt 00:00:17]} 46. Rf1
{[%clk 00:15:14]} {[%emt 00:01:39]} Qf5 {[%clk 00:00:40]} {[%emt 00:00:40]} 47.
g4 {[%clk 00:14:25]} {[%emt 00:01:19]} Qf6 {[%clk 00:01:03]} {[%emt 00:00:07]}
48. f5 {[%clk 00:14:29]} {[%emt 00:00:26]} Qg5 {[%clk 00:01:14]} {[%emt
00:00:18]} 49. Re2 {[%clk 00:11:50]} {[%emt 00:03:10]} gxf5 {[%clk 00:01:22]}
{[%emt 00:00:22]} 50. Qf3 {[%clk 00:09:26]} {[%emt 00:02:53]} f4 {[%clk
00:01:14]} {[%emt 00:00:39]} 51. Qb7 {[%clk 00:09:28]} {[%emt 00:00:28]} Be3
{[%clk 00:00:49]} {[%emt 00:00:52]} 52. Rxe3 {[%clk 00:09:43]} {[%emt
00:00:18]} Rd8 {[%clk 00:00:58]} {[%emt 00:00:22]} 53. Re2 {[%clk 00:09:08]}
{[%emt 00:01:05]} h5 {[%clk 00:00:45]} {[%emt 00:00:42]} 54. Kh1 {[%clk
00:08:44]} {[%emt 00:00:54]} h4 {[%clk 00:00:32]} {[%emt 00:00:44]} 55. Qe4
{[%clk 00:08:20]} {[%emt 00:00:53]} Re8 {[%clk 00:00:39]} {[%emt 00:00:23]} 56.
Rxf4 {[%clk 00:08:33]} {[%emt 00:00:17]} 1-0

[Event "English Womens Championships 2024"]
[Site "Kenilworth, United Kingdom"]
[Date "2024.06.20"]
[Round "2.8"]
[White "Hardwick, Alexandra"]
[Black "Ravi, Vash"]
[Result "1/2-1/2"]
[TimeControl "G:90 minutes + 30 seconds added per move"]
[WhiteFideId "422355"]
[BlackFideId "343404901"]
[WhiteElo "1813"]
[BlackElo "1750"]

1. d4 {[%clk 01:30:57]} {[%emt 00:00:02]} d5 {[%clk 01:30:25]} {[%emt
00:00:36]} 2. c4 {[%clk 01:31:22]} {[%emt 00:00:05]} e5 {[%clk 01:30:49]}
{[%emt 00:00:07]} 3. e3 {[%clk 01:31:48]} {[%emt 00:00:03]} exd4 {[%clk
01:31:08]} {[%emt 00:00:11]} 4. exd4 {[%clk 01:32:09]} {[%emt 00:00:08]} Nf6
{[%clk 01:31:06]} {[%emt 00:00:31]} 5. Nf3 {[%clk 01:32:31]} {[%emt 00:00:08]}
Be7 {[%clk 01:30:19]} {[%emt 00:01:18]} 6. Bd3 {[%clk 01:32:48]} {[%emt
00:00:13]} Nc6 {[%clk 01:29:46]} {[%emt 00:01:03]} 7. O-O {[%clk 01:32:57]}
{[%emt 00:00:19]} Bg4 {[%clk 01:29:00]} {[%emt 00:01:17]} 8. cxd5 {[%clk
01:27:51]} {[%emt 00:05:38]} Qxd5 {[%clk 01:26:42]} {[%emt 00:02:47]} 9. Nc3
{[%clk 01:27:30]} {[%emt 00:00:51]} Qd7 {[%clk 01:21:14]} {[%emt 00:05:59]} 10.
Be3 {[%clk 01:18:07]} {[%emt 00:09:53]} O-O {[%clk 01:17:14]} {[%emt 00:04:30]}
11. Re1 {[%clk 01:16:39]} {[%emt 00:01:58]} Rad8 {[%clk 01:14:24]} {[%emt
00:03:20]} 12. Bb5 {[%clk 01:11:56]} {[%emt 00:05:13]} a6 {[%clk 01:10:48]}
{[%emt 00:04:06]} 13. Ba4 {[%clk 01:11:49]} {[%emt 00:00:38]} b5 {[%clk
01:09:11]} {[%emt 00:02:06]} 14. Bb3 {[%clk 01:11:37]} {[%emt 00:00:43]} Na5
{[%clk 01:07:59]} {[%emt 00:01:41]} 15. Ne5 {[%clk 01:02:52]} {[%emt 00:09:15]}
Qc8 {[%clk 01:02:46]} {[%emt 00:05:43]} 16. Nxg4 {[%clk 00:59:52]} {[%emt
00:03:31]} Nxg4 {[%clk 01:02:57]} {[%emt 00:00:18]} 17. Qc2 {[%clk 00:54:55]}
{[%emt 00:05:26]} Bd6 {[%clk 00:57:43]} {[%emt 00:05:45]} 18. g3 {[%clk
00:51:00]} {[%emt 00:04:26]} Nxb3 {[%clk 00:57:03]} {[%emt 00:01:10]} 19. Qxb3
{[%clk 00:46:53]} {[%emt 00:04:37]} Qf5 {[%clk 00:56:46]} {[%emt 00:00:46]} 20.
Qd5 {[%clk 00:46:55]} {[%emt 00:00:28]} Nxe3 {[%clk 00:47:31]} {[%emt
00:09:44]} 21. fxe3 {[%clk 00:46:43]} {[%emt 00:00:43]} Qh3 {[%clk 00:47:01]}
{[%emt 00:00:59]} 22. Qg2 {[%clk 00:46:17]} {[%emt 00:00:57]} Qh6 {[%clk
00:46:42]} {[%emt 00:00:49]} 23. Rad1 {[%clk 00:40:04]} {[%emt 00:06:43]} Bb4
{[%clk 00:46:10]} {[%emt 00:01:02]} 24. a3 {[%clk 00:40:14]} {[%emt 00:00:21]}
Ba5 {[%clk 00:46:35]} {[%emt 00:00:05]} 25. b4 {[%clk 00:39:57]} {[%emt
00:00:47]} Bb6 {[%clk 00:47:00]} {[%emt 00:00:05]} 26. Nd5 {[%clk 00:39:51]}
{[%emt 00:00:36]} Qd6 {[%clk 00:44:58]} {[%emt 00:02:31]} 27. Nxb6 {[%clk
00:36:46]} {[%emt 00:03:35]} Qxb6 {[%clk 00:45:03]} {[%emt 00:00:25]} 28. Rc1
{[%clk 00:36:48]} {[%emt 00:00:29]} Rd6 {[%emt 00:08:40]} 1/2-1/2